000 00593nam a2200181Ia 4500
008 090123s9999 xx 000 0 und d
082 _b4810
100 _aबाबर सरोजिनी
245 _aरिवाज्लासी केवडा
250 _a1
260 _bआनंद मुद्रणालय
_c1977
300 _a670
600 _aबाबर सरोजिनी
630 _aरिवाज्लासी केवडा
700 _aबाबर सरोजिनी
730 _aरिवाज्लासी केवडा
942 _cBOOK
999 _c42885
_d42885